000 00750nam a2200241Ia 4500
003 OSt
005 20220925182551.0
006 a|||||r|||| 00| 0
007 ta
008 220923b |||||||| |||| 00| 0 eng d
037 _cGeneral Book
040 _aRTL
_cRTL
_beng
041 _2eng
_aeng
082 _aU.572.N6, K8
100 _aJacobsen Niels Kingo Ed.
_9256705
245 0 _aCollected papers Denmark
260 _aCopenhagen
_bKobenhavns Universitets Geografiske Institut
_c1968
300 _aiv,236p
_ccm.
650 _aGeography- Europe
_9231495
700 _a Jensen Ruth Helklaer Ed.
_9256706
942 _hU.572.N6, K8
_cGB
_2CC
999 _c502546
_d502546